Employment Law (Record no. 16313)

MARC details
000 -LEADER
fixed length control field 00523nam a22001577a 4500
008 - FIXED-LENGTH DATA ELEMENTS--GENERAL INFORMATION
fixed length control field 170217b xxu||||| |||| 00| 0 eng d
020 ## - INTERNATIONAL STANDARD BOOK NUMBER
International Standard Book Number 0421828900
040 ## - CATALOGING SOURCE
Original cataloging agency KABU
Transcribing agency KABU
050 ## - LIBRARY OF CONGRESS CALL NUMBER
Classification number KD3009.5
Item number .B45 2006 C.1
100 ## - MAIN ENTRY--PERSONAL NAME
Personal name Bell. Andrew C.
245 ## - TITLE STATEMENT
Title Employment Law
Remainder of title Textbook series
Statement of responsibility, etc. by Andrew C. Bell
260 ## - PUBLICATION, DISTRIBUTION, ETC. (IMPRINT)
Place of publication, distribution, etc. London
Name of publisher, distributor, etc. Sweet and maxwell limited
Date of publication, distribution, etc. 2006
300 ## - PHYSICAL DESCRIPTION
Extent xlviii, 230 p.
650 ## - SUBJECT ADDED ENTRY--TOPICAL TERM
Topical term or geographic name as entry element Labor laws and legislation
Geographic subdivision Great Britain
942 ## - ADDED ENTRY ELEMENTS (KOHA)
Source of classification or shelving scheme Library of Congress Classification
Koha item type General Collection
Classification part KD3009.5 .B45 2006 C.1
Holdings
Withdrawn status Lost status Source of classification or shelving scheme Not for loan Home library Current library Shelving location Date acquired Cost, normal purchase price Total Checkouts Full call number Barcode Date last seen Date last checked out Copy number Price effective from Koha item type
    Library of Congress Classification   Kabarak, Main Campus Kabarak, Main Campus General Stacks 17/02/2017 7675.00 2 KD3009.5 .B45 2006 C.1 021257 07/11/2019 06/11/2019 C.1 17/02/2017 General Collection
Designed with assistance from East African Informatics Ltd